000 00363nam a22001457a 4500
020 _a9812403981
040 _cNUST
082 _a004.21
_bBUR
100 _aStephen D. Burd
_9125183
245 _aSystems Architecture
250 _aThird Edition
260 _aUnited State:
_bVikas publishing House,
_c2001.
650 _2Systems Architecture
942 _2ddc
_cBK
999 _c610966
_d610966